LDR 00663naa#a2200181#i#450# 001 EN\INFRA-M\bibl\126384 005 20260703052104.5 011 ## _a2306-1731 100 ## _a20260623b2026####ek#y0engy0150####ca 102 ## _aRU 200 1# _aDevelopment and Testing of an Index Model for Assessing the Personnel Condition of Schools _eJournal article 210 1# _aMoscow _cINFRA-M Academic Publishing LLC. _d2026 215 ## _a7 с. 608 ## _aJournal article _2local 675 ## _aОбщеобразовательная школа. Дошкольные учреждения. 373 _z 700 #1 _aPetryaeva _gElena Yur'evna 700 #1 _aErmolaeva _gMaria Viktorovna 856 4# _anaukaru.ru _u